[Event "IECC CL3-2015.02 email"]
[Site "IECC email"]
[Date "2015.06.17"]
[Round "?"]
[White "Rodrigues, Paulo Odonel"]
[Black "Galvez, Ricardo Manuel"]
[Result "1/2-1/2"]
[WhiteElo "1948"]
[BlackElo "1881"]
[PlyCount "67"]
[EventDate "2015.??.??"]
[EventType "tourn (corr)"]
[EventRounds "4"]
[SourceTitle "Corr 2020"]
[Source "ChessBase"]
[SourceDate "2019.09.30"]
[SourceVersion "1"]
[SourceVersionDate "2019.09.30"]
[SourceQuality "1"]
[WhiteTeam "Brazil"]
[BlackTeam "Peru"]
[WhiteTeamCountry "BRA"]
[BlackTeamCountry "PER"]

1. e4 e5 2. Nf3 Nc6 3. Bb5 f5 4. d3 fxe4 5. dxe4 Nf6 6. 0-0 Bc5 7. Nc3 0-0 8. Bg5 d6 9. Nd5 Be6 10. c3 Kh8 11. b4 Bb6 12. Bxf6 gxf6 13. Bc4 Bxd5 14. Bxd5 Qc8 15. Qb3 a5 16. Be6 Qe8 17. a3 Ne7 18. Nh4 Ng6 19. Nxg6+ hxg6 20. Rad1 Kg7 21. Rd3 Rh8 22. Rg3 Rh6 23. h3 axb4 24. cxb4 Bd4 25. Rc1 c6 26. a4 Rh4 27. Bf5 Rh6 28. a5 Qf7 29. Be6 Qe7 30. Rc2 Ra7 31. Qc4 Ra8 32. Qb3 Ra7 33. Ra2 Ra8 34. Rc2 1/2-1/2

[Event "IECC CL3-2015.01 email"]
[Site "IECC email"]
[Date "2015.03.22"]
[Round "?"]
[White "Clayton, David Charles"]
[Black "Rodrigues, Paulo Odonel"]
[Result "0-1"]
[WhiteElo "1800"]
[BlackElo "1930"]
[PlyCount "40"]
[EventDate "2015.??.??"]
[EventType "tourn (corr)"]
[EventRounds "4"]
[SourceTitle "Corr 2020"]
[Source "ChessBase"]
[SourceDate "2019.09.30"]
[SourceVersion "1"]
[SourceVersionDate "2019.09.30"]
[SourceQuality "1"]
[WhiteTeam "England"]
[BlackTeam "Brazil"]
[WhiteTeamCountry "ENG"]
[BlackTeamCountry "BRA"]

1. e4 c5 2. Nf3 Nc6 3. c3 Nf6 4. e5 Nd5 5. Bc4 Nb6 6. Bb3 d5 7. exd6 c4 8. Bc2 Qxd6 9. 0-0 Bg4 10. Qe2 Qf6 11. Be4 0-0-0 12. Na3 Ne5 13. Bxb7+ Kxb7 14. Qe4+ Rd5 15. Nxe5 Bf5 16. Qf3 Qxe5 17. d4 cxd3 18. c4 Be4 19. Qd1 Rd6 20. Be3 Bxg2 0-1

[Event "IECC 2014-1.09"]
[Site "IECC email"]
[Date "2014.01.05"]
[Round "?"]
[White "Hargreaves, Richard"]
[Black "Rodrigues, Paulo Odonel"]
[Result "1/2-1/2"]
[WhiteElo "1666"]
[BlackElo "1947"]
[PlyCount "63"]
[EventDate "2014.??.??"]
[EventType "tourn (corr)"]
[SourceTitle "Corr 2020"]
[Source "ChessBase"]
[SourceDate "2019.09.30"]
[SourceVersion "1"]
[SourceVersionDate "2019.09.30"]
[SourceQuality "1"]
[WhiteTeam "England"]
[BlackTeam "Brazil"]
[WhiteTeamCountry "ENG"]
[BlackTeamCountry "BRA"]

1. e4 c5 2. Nf3 Nc6 3. Bc4 e6 4. Nc3 Nf6 5. 0-0 d5 6. exd5 exd5 7. Bb5 d4 8. Qe2+ Be7 9. Ne4 0-0 10. d3 Bf5 11. Bxc6 bxc6 12. Re1 Re8 13. Bf4 Nxe4 14. dxe4 Bd6 15. Qd3 Bg6 16. Bxd6 Qxd6 17. Nd2 Rad8 18. Rad1 f6 19. Nb3 Rb8 20. c3 Bf7 21. Qa6 Red8 22. Rd3 Qe7 23. Rd2 dxc3 24. bxc3 c4 25. Rxd8+ Rxd8 26. Nd4 c5 27. Nf3 h6 28. h3 Rd6 29. Qc8+ Rd8 30. Qa6 Rd6 31. Qc8+ Rd8 32. Qa6 1/2-1/2

[Event "IECC 2014-1.09"]
[Site "IECC email"]
[Date "2014.01.05"]
[Round "?"]
[White "Rodrigues, Paulo Odonel"]
[Black "Schlenther, Marco"]
[Result "1/2-1/2"]
[WhiteElo "1938"]
[BlackElo "2188"]
[PlyCount "73"]
[EventDate "2014.??.??"]
[EventType "tourn (corr)"]
[SourceTitle "Corr 2020"]
[Source "ChessBase"]
[SourceDate "2019.09.30"]
[SourceVersion "1"]
[SourceVersionDate "2019.09.30"]
[SourceQuality "1"]
[WhiteTeam "Brazil"]
[BlackTeam "Germany"]
[WhiteTeamCountry "BRA"]
[BlackTeamCountry "GER"]

1. e4 c5 2. Nf3 d6 3. Bb5+ Bd7 4. Bxd7+ Qxd7 5. d4 cxd4 6. Nxd4 Nf6 7. Nc3 g6 8. 0-0 Bg7 9. f3 0-0 10. Be3 Nc6 11. Qd2 d5 12. Nxc6 bxc6 13. e5 Ne8 14. f4 f6 15. exf6 Bxf6 16. Na4 Nd6 17. Nc5 Qf5 18. c3 Nc4 19. Qe2 Rab8 20. Rab1 e5 21. g4 Qc8 22. fxe5 Nxe3 23. Qxe3 Qxg4+ 24. Qg3 Qxg3+ 25. hxg3 Be7 26. Nd7 Rxf1+ 27. Kxf1 Re8 28. Re1 Kf7 29. e6+ Kg7 30. Kg2 Bd6 31. g4 h5 32. Kh3 Bf4 33. gxh5 gxh5 34. Kh4 Kh6 35. Ne5 c5 36. Re2 d4 37. Re4 1/2-1/2

[Event "IECC CL3-2013.02 email"]
[Site "IECC email"]
[Date "2013.04.12"]
[Round "?"]
[White "Naniwadekar, Mihir"]
[Black "Rodrigues, Paulo Odonel"]
[Result "0-1"]
[WhiteElo "1930"]
[BlackElo "1910"]
[PlyCount "32"]
[EventDate "2013.??.??"]
[EventType "tourn (corr)"]
[EventRounds "4"]
[SourceTitle "Corr 2015"]
[Source "ChessBase"]
[SourceDate "2015.07.17"]
[SourceVersion "1"]
[SourceVersionDate "2015.07.17"]
[SourceQuality "1"]
[WhiteTeam "India"]
[BlackTeam "Brazil"]
[WhiteTeamCountry "IND"]
[BlackTeamCountry "BRA"]

1. Nf3 d5 2. d4 Nf6 3. c4 e6 4. Nc3 Bb4 5. Bg5 Nc6 6. e3 h6 7. Bxf6 Qxf6 8. a3 Bxc3+ 9. bxc3 0-0 10. Bd3 dxc4 11. Bxc4 e5 12. dxe5 Nxe5 13. Nxe5 Qxe5 14. Qd4 Qa5 15. 0-0 Bf5 16. e4 Rfd8 0-1

[Event "IECC CL3-2013.02 email"]
[Site "IECC email"]
[Date "2013.04.12"]
[Round "?"]
[White "Rodrigues, Paulo Odonel"]
[Black "Hargreaves, John Richard"]
[Result "1-0"]
[WhiteElo "1936"]
[BlackElo "1694"]
[PlyCount "57"]
[EventDate "2013.??.??"]
[EventType "tourn (corr)"]
[EventRounds "4"]
[SourceTitle "Telechess CBM 165"]
[Source "ChessBase"]
[SourceDate "2015.03.11"]
[SourceVersion "1"]
[SourceVersionDate "2015.03.11"]
[SourceQuality "1"]
[WhiteTeam "Brazil"]
[BlackTeam "England"]
[WhiteTeamCountry "BRA"]
[BlackTeamCountry "ENG"]

1. d4 d5 2. c4 e6 3. Nc3 c6 4. e4 dxe4 5. Nxe4 Nf6 6. Nxf6+ Qxf6 7. Nf3 Bb4+ 8. Bd2 Bxd2+ 9. Qxd2 0-0 10. Bd3 c5 11. dxc5 Na6 12. 0-0 Nxc5 13. Bc2 b6 14. b4 Na6 15. Be4 Rb8 16. a3 Bb7 17. Qc2 Bxe4 18. Qxe4 Qe7 19. Rfd1 Rbd8 20. Nd4 Nb8 21. h3 Rd7 22. Rd2 Rfd8 23. Rad1 g6 24. f4 f6 25. Qe3 e5 26. fxe5 fxe5 27. Nb5 Qe6 28. Rxd7 Rxd7 29. Rxd7 1-0

[Event "IECC CL3-2012.03 email"]
[Site "IECC email"]
[Date "2012.04.14"]
[Round "?"]
[White "Rodrigues, Paulo Odonel"]
[Black "Hassan, William"]
[Result "1-0"]
[WhiteElo "1841"]
[BlackElo "1799"]
[PlyCount "75"]
[EventDate "2012.??.??"]
[EventType "tourn (corr)"]
[EventRounds "4"]
[SourceTitle "Telechess CBM 165"]
[Source "ChessBase"]
[SourceDate "2015.03.11"]
[SourceVersion "1"]
[SourceVersionDate "2015.03.11"]
[SourceQuality "1"]
[WhiteTeam "Brazil"]
[WhiteTeamCountry "BRA"]

1. d4 d5 2. c4 c6 3. Nf3 Nf6 4. e3 a6 5. Nc3 b5 6. b3 Bg4 7. h3 Bxf3 8. Qxf3 e6 9. c5 b4 10. Na4 Nbd7 11. Bd3 e5 12. Qg3 Nh5 13. Qh2 e4 14. Be2 Nhf6 15. a3 a5 16. axb4 axb4 17. 0-0 Be7 18. Bd2 0-0 19. Bxb4 Rb8 20. Bd2 Rxb3 21. Ra2 Qb8 22. Nc3 Qc8 23. Rfa1 Bd8 24. Kh1 Bc7 25. Qg1 Re8 26. Qd1 Rb8 27. Ra6 Re6 28. Qa4 Bd8 29. Na2 Ne8 30. Nb4 Nc7 31. Rxc6 Nf6 32. Rxe6 Qxe6 33. Nc6 Rc8 34. Nxd8 Rxd8 35. Qa7 Rc8 36. Qb7 Nce8 37. Ba5 h6 38. Ba6 1-0

[Event "IECC CL4-2005.14 email"]
[Site "IECC email"]
[Date "2005.12.28"]
[Round "?"]
[White "Georgiev, Lukas"]
[Black "Rodrigues, Paulo Odonel"]
[Result "0-1"]
[WhiteElo "1642"]
[BlackElo "1616"]
[PlyCount "58"]
[EventDate "2005.??.??"]
[EventType "tourn (corr)"]
[EventRounds "4"]
[SourceTitle "Corr 2015"]
[Source "ChessBase"]
[SourceDate "2015.07.17"]
[SourceVersion "1"]
[SourceVersionDate "2015.07.17"]
[SourceQuality "1"]
[WhiteTeam "Czech Republic"]
[BlackTeam "Brazil"]
[WhiteTeamCountry "CZE"]
[BlackTeamCountry "BRA"]

1. e4 c5 2. Nc3 Nc6 3. Bc4 Nf6 4. f4 Nxe4 5. Bxf7+ Kxf7 6. Nxe4 d5 7. Ng5+ Kg8 8. Ne2 e5 9. d3 Bg4 10. h3 Bxe2 11. Qxe2 Nd4 12. Qf2 exf4 13. Nf3 Qe8+ 14. Kf1 Ne6 15. Bd2 Bd6 16. Re1 Qg6 17. Ne5 Qh5 18. Bc3 d4 19. Nc4 Qd5 20. Bd2 Bc7 21. Qf3 Qxf3+ 22. gxf3 Kf7 23. Kf2 Rhe8 24. h4 Kf6 25. Rhg1 b5 26. Na5 c4 27. dxc4 Rac8 28. c5 Bxa5 29. Bxa5 Rxc5 0-1

[Event "IECC CL4-2004.03 email"]
[Site "IECC email"]
[Date "2004.02.14"]
[Round "?"]
[White "Rodrigues, Paulo Odonel"]
[Black "Lyew, Merrill"]
[Result "1/2-1/2"]
[WhiteElo "1559"]
[BlackElo "1685"]
[PlyCount "58"]
[EventDate "2004.??.??"]
[EventType "tourn (corr)"]
[EventRounds "4"]
[SourceTitle "Corr 2008"]
[Source "ChessBase"]
[SourceDate "2008.06.24"]
[SourceVersion "1"]
[SourceVersionDate "2008.06.24"]
[SourceQuality "1"]

1. e4 c5 2. Nf3 d6 3. d4 cxd4 4. Nxd4 Nf6 5. Nc3 a6 6. Be2 e5 7. Nf3 Be7 8. 0-0 0-0 9. Bg5 Nbd7 10. a4 b6 11. b4 Bb7 12. Qd3 a5 13. Bxf6 Nxf6 14. bxa5 Rxa5 15. Rfb1 d5 16. exd5 Nxd5 17. Nxd5 Rxd5 18. Qc4 Bf6 19. c3 Rd6 20. a5 Bd5 21. Qb4 bxa5 22. Rxa5 e4 23. Nd4 Bxd4 24. cxd4 Qf6 25. Ra7 e3 26. f3 Re8 27. Rc1 Red8 28. Qa3 Be6 29. Qxe3 Qxd4 1/2-1/2

[Event "IECC CL4-2004.03 email"]
[Site "IECC email"]
[Date "2004.02.14"]
[Round "?"]
[White "Williams, Derek"]
[Black "Rodrigues, Paulo Odonel"]
[Result "1/2-1/2"]
[WhiteElo "1728"]
[BlackElo "1564"]
[PlyCount "79"]
[EventDate "2004.??.??"]
[EventType "tourn (corr)"]
[EventRounds "4"]
[SourceTitle "Corr 2008"]
[Source "ChessBase"]
[SourceDate "2008.06.24"]
[SourceVersion "1"]
[SourceVersionDate "2008.06.24"]
[SourceQuality "1"]

1. e4 e5 2. Nf3 Nc6 3. d4 exd4 4. Nxd4 Nf6 5. Bc4 Nxe4 6. 0-0 d5 7. Bb5 Bd7 8. Bxc6 bxc6 9. f3 Nc5 10. Re1+ Be7 11. Bf4 0-0 12. Bxc7 Qxc7 13. Rxe7 Qb6 14. b3 Rfe8 15. Rxe8+ Rxe8 16. Nc3 Ne6 17. Nce2 Nxd4 18. Nxd4 c5 19. Ne2 Qf6 20. Ng3 Qc3 21. Rb1 Bb5 22. a4 Qe3+ 23. Kh1 Ba6 24. Qg1 Qc3 25. Qf2 g6 26. Kg1 h5 27. h4 f5 28. f4 Re3 29. Kh2 d4 30. Rd1 Kg7 31. Rb1 Kf7 32. Rd1 Ke8 33. Rc1 Kd8 34. Rd1 Kc7 35. Rb1 Kc8 36. Rc1 Kc7 37. Rb1 Kb6 38. Rd1 Kc7 39. Rb1 Kc8 40. Rc1 1/2-1/2

[Event "IECC CL5-2002.11"]
[Site "IECC email"]
[Date "2002.06.05"]
[Round "?"]
[White "Wakeham, Marc R"]
[Black "Rodrigues, Paulo Odonel"]
[Result "0-1"]
[WhiteElo "1516"]
[BlackElo "1500"]
[PlyCount "80"]
[EventDate "2002.??.??"]
[EventType "tourn (corr)"]
[EventRounds "4"]
[SourceTitle "Corr 2008"]
[Source "ChessBase"]
[SourceDate "2008.06.24"]
[SourceVersion "1"]
[SourceVersionDate "2008.06.24"]
[SourceQuality "1"]

1. e4 e5 2. Nf3 Nc6 3. d4 exd4 4. c3 d5 5. exd5 Qxd5 6. Nxd4 Nf6 7. Nxc6 Qxc6 8. Bg5 Be7 9. Nd2 0-0 10. Qf3 Qxf3 11. Nxf3 Re8 12. Be2 h6 13. Bf4 c6 14. 0-0 Ba3 15. bxa3 Rxe2 16. Nd4 Re4 17. Be3 Nd5 18. Bd2 c5 19. Nb3 b6 20. Rae1 Bf5 21. Rxe4 Bxe4 22. Re1 Bd3 23. a4 a5 24. g3 Rd8 25. f3 Kf8 26. Kf2 Re8 27. Nc1 Rxe1 28. Bxe1 Bc4 29. h3 Ke7 30. Bd2 g5 31. h4 f6 32. Ke1 Kd6 33. hxg5 hxg5 34. a3 Ne7 35. Kf2 Kd5 36. Ke3 Ba6 37. Be1 Kc4 38. Kd2 Bb7 39. f4 gxf4 40. gxf4 Nd5 0-1